Classement perpétuel de l'Europa League - Statistiques

Statistiques générales
  • Ce quiz a été pris 453 fois
  • Le résultat moyen est 10 sur 20
Statistiques - réponses
Rang Équipe % Correct
6 FC Séville
96%
16 Atlético Madrid
68%
1 Inter Milan
59%
9 Liverpool FC
58%
5 FC Valence
57%
13 SL Benfica
57%
8 AFC Ajax
56%
7 Tottenham Hotspur
56%
4 Juventus
55%
17 Lazio
51%
12 PSV Eindhoven
51%
3 Sporting CP
47%
14 Villarreal CF
46%
10 FC Barcelone
43%
15 Bayer Leverkusen
42%
19 Athletic Bilbao
37%
2 AS Rome
36%
11 RSC Anderlecht
28%
20 Hambourg SV
12%
18 1. FC Köln
3%
Aucun quiz correspondant
Distribution des résultats
% des personnes avec chaque résultat
Percentile par nombre de réponses
Votre historique - résultats
Vous n’avez pas pris ce quiz